000 00505cam a2200205ua 4500
001 9220
005 20260515114437.0
008 150224n ii |||gr||||Z||||||eng
020 _a8120717988
040 _cMAIN
041 _aeng
082 _a820
100 _aAhuja, P.,
_eAuthor.
245 1 _aHow to read effectively and efficiently
_cBy Pramila Ahuja
250 _a1st.
260 _aNew Delhi:
_bSterling,
_c1995.
300 _a156p.
653 _aEnglish.& Old English literatures
942 _cBK
999 _c8282
_d8282